[Event "Match of the Millennials U17"]
[Site "Saint Louis"]
[Date "2017.07.28"]
[Round "6.3"]
[White "Burke, John Michael"]
[Black "Sarana, Aleksey"]
[Result "0-1"]
[BlackElo "2510"]
[WhiteElo "2479"]
[LiveChessVersion "1.4.8"]

1. e4 {[%clk 1:30:56]} c5 {[%clk 1:30:58]} 2. Nf3 {[%clk 1:31:20]} d6
{[%clk 1:31:23]} 3. d4 {[%clk 1:31:45]} cxd4 {[%clk 1:31:49]} 4. Nxd4
{[%clk 1:32:11]} Nf6 {[%clk 1:32:13]} 5. Nc3 {[%clk 1:32:38]} a6 {[%clk 1:32:38]}
6. Bg5 {[%clk 1:32:41]} Nbd7 {[%clk 1:33:04]} 7. Bc4 {[%clk 1:32:58]} Qb6
{[%clk 1:33:28]} 8. Qd2 {[%clk 1:32:58]} Qxb2 {[%clk 1:33:10]} 9. Rb1
{[%clk 1:33:04]} Qa3 {[%clk 1:33:33]} 10. O-O {[%clk 1:33:14]} g6
{[%clk 1:28:07]} 11. Bd5 {[%clk 1:15:40]} Bg7 {[%clk 1:14:54]} 12. Bxb7
{[%clk 1:13:21]} Rb8 {[%clk 1:11:33]} 13. Bc6 {[%clk 0:58:09]} O-O
{[%clk 1:06:07]} 14. Rxb8 {[%clk 0:50:55]} Nxb8 {[%clk 1:06:34]} 15. Rb1
{[%clk 0:50:16]} Nbd7 {[%clk 0:58:37]} 16. Rb3 {[%clk 0:40:27]} Qc5
{[%clk 0:58:42]} 17. Be3 {[%clk 0:27:20]} Qh5 {[%clk 0:49:02]} 18. Nde2
{[%clk 0:19:22]} Ng4 {[%clk 0:44:29]} 19. Bf4 {[%clk 0:19:10]} Qc5
{[%clk 0:44:03]} 20. h3 {[%clk 0:16:17]} Nxf2 {[%clk 0:39:46]} 21. Be3
{[%clk 0:15:32]} Qxc6 {[%clk 0:38:03]} 22. Bxf2 {[%clk 0:15:57]} Nc5
{[%clk 0:38:22]} 23. Rb8 {[%clk 0:13:13]} e6 {[%clk 0:34:58]} 24. Bd4
{[%clk 0:11:44]} f6 {[%clk 0:34:48]} 25. Be3 {[%clk 0:09:43]} Nxe4
{[%clk 0:32:06]} 26. Nxe4 {[%clk 0:10:08]} Qxe4 {[%clk 0:32:31]} 27. Ng3
{[%clk 0:09:08]} Qe5 {[%clk 0:32:27]} 28. Kh2 {[%clk 0:08:15]} g5
{[%clk 0:30:59]} 29. Bd4 {[%clk 0:06:30]} Qd5 {[%clk 0:30:56]} 30. Nh5
{[%clk 0:06:17]} e5 {[%clk 0:30:29]} 31. Nxg7 {[%clk 0:04:24]} Kxg7
{[%clk 0:29:29]} 32. Be3 {[%clk 0:04:37]} Qxd2 {[%clk 0:29:15]} 33. Bxd2
{[%clk 0:05:03]} Bf5 {[%clk 0:29:38]} 34. Rb6 {[%clk 0:04:40]} d5
{[%clk 0:29:50]} 35. Bb4 {[%clk 0:04:10]} Rf7 {[%clk 0:30:12]} 36. c3
{[%clk 0:03:58]} Bd3 {[%clk 0:30:32]} 37. Kg3 {[%clk 0:04:04]} h5
{[%clk 0:30:48]} 38. Kf2 {[%clk 0:03:57]} h4 {[%clk 0:31:13]} 39. Bd6
{[%clk 0:03:51]} Rd7 {[%clk 0:31:19]} 40. Ke3 {[%clk 0:01:05]} Be4
{[%clk 0:31:16]} 41. Kf2 {[%clk 0:01:24]} Bd3 {[%clk 0:31:30]} 42. Ke3
{[%clk 0:01:51]} Bc4 {[%clk 0:31:54]} 43. a3 {[%clk 0:02:07]} Kf7
{[%clk 0:32:18]} 44. Bb8 {[%clk 0:01:29]} d4+ {[%clk 0:32:13]} 45. cxd4
{[%clk 0:01:33]} exd4+ {[%clk 0:32:34]} 46. Kd2 {[%clk 0:01:38]} Re7
{[%clk 0:32:50]} 47. Rb4 {[%clk 0:02:01]} Bf1 {[%clk 0:32:53]} 48. g3
{[%clk 0:01:55]} Re2+ {[%clk 0:32:56]} 49. Kd1 {[%clk 0:02:07]} hxg3
{[%clk 0:33:19]} 50. Bxg3 {[%clk 0:02:31]} Re3 {[%clk 0:32:35]} 51. Bd6
{[%clk 0:02:12]} Rd3+ {[%clk 0:32:18]} 52. Kc2 {[%clk 0:02:22]} Ke6
{[%clk 0:31:43]} 53. Rb6 {[%clk 0:01:21]} Rc3+ {[%clk 0:32:10]} 54. Kd2
{[%clk 0:01:37]} Rxh3 {[%clk 0:32:31]} 55. Bc5+ {[%clk 0:01:34]} Ke5
{[%clk 0:32:34]} 56. Bd6+ {[%clk 0:01:48]} Ke4 {[%clk 0:31:58]} 57. Be7
{[%clk 0:02:07]} Rh2+ {[%clk 0:32:24]} 58. Ke1 {[%clk 0:02:18]} Bc4
{[%clk 0:32:49]} 59. Bxf6 {[%clk 0:02:28]} g4 {[%clk 0:33:12]} 60. Rd6
{[%clk 0:01:56]} d3 {[%clk 0:33:31]} 61. Bc3 {[%clk 0:01:21]} Re2+
{[%clk 0:33:28]} 62. Kf1 {[%clk 0:01:42]} d2 {[%clk 0:33:10]} 0-1

[Event "Match of the Millennials U17"]
[Site "Saint Louis"]
[Date "2017.07.28"]
[Round "6.4"]
[White "Li, Ruifeng"]
[Black "Smirnov, Anton"]
[Result "0-1"]
[BlackElo "2495"]
[WhiteElo "2568"]
[LiveChessVersion "1.4.8"]

1. b3 {[%clk 1:30:57]} Nf6 {[%clk 1:28:06]} 2. Bb2 {[%clk 1:31:19]} g6
{[%clk 1:27:24]} 3. e4 {[%clk 1:31:15]} d6 {[%clk 1:27:35]} 4. g3
{[%clk 1:31:28]} c5 {[%clk 1:27:17]} 5. Bg2 {[%clk 1:31:41]} Bg7 {[%clk 1:27:40]}
6. Ne2 {[%clk 1:31:45]} e5 {[%clk 1:26:25]} 7. O-O {[%clk 1:29:28]} Nc6
{[%clk 1:26:22]} 8. c4 {[%clk 1:28:17]} h5 {[%clk 1:24:28]} 9. h4
{[%clk 1:24:52]} Nh7 {[%clk 1:11:24]} 10. d3 {[%clk 1:12:27]} g5 {[%clk 1:07:04]}
11. hxg5 {[%clk 1:12:20]} Nxg5 {[%clk 1:01:55]} 12. f4 {[%clk 1:10:58]} Nh7
{[%clk 0:58:12]} 13. Nd2 {[%clk 1:04:28]} Bg4 {[%clk 0:52:58]} 14. Nf3
{[%clk 1:03:24]} Qd7 {[%clk 0:52:05]} 15. Qd2 {[%clk 0:54:31]} O-O-O
{[%clk 0:48:33]} 16. b4 {[%clk 0:49:49]} Nxb4 {[%clk 0:43:53]} 17. fxe5
{[%clk 0:49:14]} Bxf3 {[%clk 0:42:37]} 18. Rxf3 {[%clk 0:49:06]} dxe5
{[%clk 0:42:54]} 19. Nc3 {[%clk 0:44:42]} f6 {[%clk 4:14:14]} 20. Nd5
{[%clk 0:44:38]} Ng5 {[%clk 0:34:09]} 21. Rf5 {[%clk 0:43:09]} h4
{[%clk 0:34:26]} 22. gxh4 {[%clk 0:30:34]} Ne6 {[%clk 0:31:41]} 23. a3
{[%clk 0:09:45]} Nxd5 {[%clk 0:28:34]} 24. cxd5 {[%clk 0:09:54]} Nd4
{[%clk 0:28:45]} 25. Bxd4 {[%clk 0:09:31]} cxd4 {[%clk 0:29:03]} 26. h5
{[%clk 0:07:51]} Kb8 {[%clk 0:26:35]} 27. Qe2 {[%clk 0:07:33]} Rdg8
{[%clk 0:23:32]} 28. Kh1 {[%clk 0:05:14]} Bh6 {[%clk 0:21:52]} 29. Rxf6
{[%clk 0:03:26]} Qe7 {[%clk 0:21:59]} 30. Rf3 {[%clk 0:01:20]} Be3
{[%clk 0:19:51]} 31. Rh3 {[%clk 0:01:21]} Rg5 {[%clk 0:19:22]} 32. Rf1
{[%clk 0:00:44]} Bf4 {[%clk 0:12:57]} 33. a4 {[%clk 0:00:36]} Qh7
{[%clk 0:11:43]} 34. Rb1 {[%clk 0:00:35]} Rhg8 {[%clk 0:12:00]} 35. Bf3
{[%clk 0:00:33]} Qd7 {[%clk 0:11:24]} 36. Rh4 {[%clk 0:00:37]} Bg3
{[%clk 0:11:36]} 37. Rh2 {[%clk 0:00:39]} Bxh2 {[%clk 0:12:00]} 38. Qxh2
{[%clk 0:00:47]} Rg3 {[%clk 0:12:25]} 39. Bg2 {[%clk 0:00:32]} Rxg2
{[%clk 0:12:47]} 0-1

[Event "Match of the Millennials U17"]
[Site "Saint Louis"]
[Date "2017.07.29"]
[Round "7.1"]
[White "Xiong, Jeffery"]
[Black "Chopra, Aryan"]
[Result "1/2-1/2"]
[BlackElo "2491"]
[WhiteElo "2642"]
[LiveChessVersion "1.4.8"]

1. e4 {[%clk 1:30:55]} e5 {[%clk 1:30:52]} 2. Nf3 {[%clk 1:31:18]} Nc6
{[%clk 1:31:18]} 3. Bc4 {[%clk 1:31:38]} Nf6 {[%clk 1:31:34]} 4. d3
{[%clk 1:31:57]} Be7 {[%clk 1:31:47]} 5. O-O {[%clk 1:32:18]} O-O
{[%clk 1:32:03]} 6. Re1 {[%clk 1:32:42]} d6 {[%clk 1:32:06]} 7. a4
{[%clk 1:32:59]} Na5 {[%clk 1:32:16]} 8. Ba2 {[%clk 1:33:19]} c5 {[%clk 1:32:39]}
9. Na3 {[%clk 1:33:01]} Be6 {[%clk 1:29:07]} 10. Bxe6 {[%clk 1:31:01]} fxe6
{[%clk 1:29:32]} 11. c3 {[%clk 1:31:25]} Nc6 {[%clk 1:27:54]} 12. b4
{[%clk 1:13:02]} cxb4 {[%clk 1:06:54]} 13. cxb4 {[%clk 1:13:05]} Nxb4
{[%clk 1:06:07]} 14. Qb3 {[%clk 1:13:03]} d5 {[%clk 1:06:11]} 15. Nxe5
{[%clk 1:05:16]} Nc6 {[%clk 1:02:05]} 16. Nf3 {[%clk 0:55:07]} Ng4
{[%clk 0:48:21]} 17. exd5 {[%clk 0:49:36]} Qxd5 {[%clk 0:41:36]} 18. Qc4
{[%clk 0:36:56]} Qxc4 {[%clk 0:35:01]} 19. Nxc4 {[%clk 0:37:24]} Bc5
{[%clk 0:34:27]} 20. Be3 {[%clk 0:36:07]} Nxe3 {[%clk 0:32:35]} 21. fxe3
{[%clk 0:36:34]} Nb4 {[%clk 0:32:24]} 22. d4 {[%clk 0:31:05]} Be7
{[%clk 0:32:40]} 23. Rec1 {[%clk 0:30:08]} Rac8 {[%clk 0:30:54]} 24. Nce5
{[%clk 0:30:29]} Nd5 {[%clk 0:27:42]} 25. Kf2 {[%clk 0:25:36]} Bg5
{[%clk 0:25:17]} 26. Ng4 {[%clk 0:20:52]} Rxc1 {[%clk 0:23:50]} 27. Rxc1
{[%clk 0:21:15]} h5 {[%clk 0:22:17]} 28. Ke2 {[%clk 0:20:12]} Bf4
{[%clk 0:11:38]} 29. exf4 {[%clk 0:17:42]} Nxf4+ {[%clk 0:11:32]} 30. Kd2
{[%clk 0:17:30]} hxg4 {[%clk 0:11:50]} 31. Ng5 {[%clk 0:17:58]} Nd5
{[%clk 0:07:31]} 32. Nxe6 {[%clk 0:16:56]} Rf2+ {[%clk 0:06:07]} 33. Kd3
{[%clk 0:17:25]} Kf7 {[%clk 0:05:29]} 34. Nd8+ {[%clk 0:14:54]} Kg6
{[%clk 0:04:37]} 35. Rc5 {[%clk 0:09:44]} Nf6 {[%clk 0:03:42]} 36. Ne6
{[%clk 0:09:51]} Kf7 {[%clk 0:03:58]} 37. d5 {[%clk 0:09:57]} Ke7
{[%clk 0:03:41]} 38. Rc7+ {[%clk 0:08:57]} Kd6 {[%clk 0:04:02]} 39. Rxb7
{[%clk 0:08:54]} Nxd5 {[%clk 0:02:51]} 40. Nxg7 {[%clk 0:09:11]} Rxg2
{[%clk 0:02:42]} 41. Ke4 {[%clk 0:08:11]} Rxh2 {[%clk 0:01:51]} 42. Nf5+
{[%clk 0:08:14]} Kc6 {[%clk 0:02:14]} 43. Rxa7 {[%clk 0:08:32]} Re2+
{[%clk 0:01:39]} 44. Kd3 {[%clk 0:07:51]} Nf4+ {[%clk 0:02:03]} 45. Kd4
{[%clk 0:06:20]} Ne6+ {[%clk 0:02:23]} 46. Kd3 {[%clk 0:06:49]} Nf4+
{[%clk 0:02:22]} 1/2-1/2

[Event "Match of the Millennials U17"]
[Site "Saint Louis"]
[Date "2017.07.29"]
[Round "7.2"]
[White "Sevian, Sam"]
[Black "Smirnov, Anton"]
[Result "1-0"]
[BlackElo "2495"]
[WhiteElo "2633"]
[LiveChessVersion "1.4.8"]

1. e4 {[%clk 1:30:55]} e6 {[%clk 1:29:40]} 2. d4 {[%clk 1:31:13]} d5
{[%clk 1:30:05]} 3. Nc3 {[%clk 1:31:38]} Nf6 {[%clk 1:30:30]} 4. e5
{[%clk 1:31:48]} Nfd7 {[%clk 1:30:50]} 5. f4 {[%clk 1:32:14]} c5 {[%clk 1:31:15]}
6. Nf3 {[%clk 1:32:33]} Be7 {[%clk 1:31:38]} 7. Be3 {[%clk 1:32:58]} b6
{[%clk 1:32:03]} 8. Bb5 {[%clk 1:33:01]} a6 {[%clk 1:22:45]} 9. Bd3
{[%clk 1:33:13]} Nc6 {[%clk 1:15:48]} 10. O-O {[%clk 1:33:21]} g6
{[%clk 1:07:32]} 11. a3 {[%clk 1:28:18]} c4 {[%clk 1:06:22]} 12. Be2
{[%clk 1:27:41]} b5 {[%clk 1:06:47]} 13. Qe1 {[%clk 1:24:19]} Nb6
{[%clk 1:02:13]} 14. Qg3 {[%clk 1:22:32]} Qc7 {[%clk 0:53:44]} 15. Ng5
{[%clk 1:19:04]} Bxg5 {[%clk 0:44:47]} 16. fxg5 {[%clk 1:10:19]} Bb7
{[%clk 0:45:11]} 17. Qh3 {[%clk 1:08:29]} O-O-O {[%clk 0:43:56]} 18. Rf4
{[%clk 1:08:24]} Rdg8 {[%clk 0:41:51]} 19. Raf1 {[%clk 1:05:21]} Rg7
{[%clk 0:41:56]} 20. Qh6 {[%clk 1:02:23]} Rhg8 {[%clk 0:40:37]} 21. R1f3
{[%clk 1:02:30]} Qe7 {[%clk 0:34:41]} 22. Nd1 {[%clk 1:01:52]} Qf8
{[%clk 0:30:44]} 23. Qh4 {[%clk 1:00:00]} Ne7 {[%clk 0:30:37]} 24. Bd2
{[%clk 0:47:08]} Nf5 {[%clk 0:29:01]} 25. Qf2 {[%clk 0:46:06]} h5
{[%clk 0:28:11]} 26. gxh6 {[%clk 0:45:24]} Rh7 {[%clk 0:27:40]} 27. Rh3
{[%clk 0:45:16]} Nd7 {[%clk 0:22:56]} 28. Ne3 {[%clk 0:34:01]} Nxe3
{[%clk 0:19:54]} 29. Bxe3 {[%clk 0:31:35]} g5 30. Rg4 {[%clk 0:31:34]} Qd8
{[%clk 0:13:02]} 31. Rf3 {[%clk 0:30:26]} Rxh6 {[%clk 0:10:55]} 32. Rxf7
{[%clk 0:30:46]} Bc6 {[%clk 0:10:32]} 33. h4 {[%clk 0:28:00]} Qa5
{[%clk 0:08:18]} 34. Bxg5 {[%clk 0:26:40]} Rhg6 {[%clk 0:08:00]} 35. c3
{[%clk 0:25:01]} Qa4 {[%clk 0:08:28]} 36. Bf3 {[%clk 0:24:03]} a5
{[%clk 0:08:20]} 37. Qd2 {[%clk 0:23:15]} b4 {[%clk 0:08:38]} 38. h5
{[%clk 0:22:54]} bxa3 {[%clk 0:08:17]} 39. bxa3 {[%clk 0:23:15]} R6g7
{[%clk 0:08:38]} 40. Rxg7 {[%clk 0:23:41]} Rxg7 {[%clk 0:09:03]} 41. h6
{[%clk 0:24:05]} Rh7 {[%clk 0:09:28]} 42. Qc1 {[%clk 0:24:20]} Qb5
{[%clk 0:07:04]} 43. Bf4 {[%clk 0:23:47]} Rh8 {[%clk 0:06:32]} 44. Rg7
{[%clk 0:24:01]} Nf8 {[%clk 0:06:54]} 45. Bg5 {[%clk 0:23:45]} Be8
{[%clk 0:06:43]} 46. Be7 {[%clk 0:23:25]} 1-0

[Event "Match of the Millennials U17"]
[Site "Saint Louis"]
[Date "2017.07.29"]
[Round "7.3"]
[White "Martirosyan, Haik"]
[Black "Li, Ruifeng"]
[Result "1/2-1/2"]
[BlackElo "2568"]
[WhiteElo "2544"]
[LiveChessVersion "1.4.8"]

1. d4 {[%clk 1:30:56]} d5 {[%clk 1:30:52]} 2. c4 {[%clk 1:31:16]} c6
{[%clk 1:31:17]} 3. cxd5 {[%clk 1:31:19]} cxd5 {[%clk 1:31:40]} 4. Bg5
{[%clk 1:31:45]} Nc6 {[%clk 1:26:12]} 5. Nc3 {[%clk 1:31:59]} Nf6
{[%clk 1:24:43]} 6. Bxf6 {[%clk 1:31:35]} gxf6 {[%clk 1:25:04]} 7. e3
{[%clk 1:30:38]} e6 {[%clk 1:24:28]} 8. Nf3 {[%clk 1:29:33]} Bd7 {[%clk 1:21:19]}
9. Bd3 {[%clk 1:28:31]} Bd6 {[%clk 1:20:18]} 10. O-O {[%clk 1:26:15]} f5
{[%clk 1:19:12]} 11. Rc1 {[%clk 1:26:14]} Rc8 {[%clk 1:13:58]} 12. a3
{[%clk 1:22:32]} O-O {[%clk 1:06:59]} 13. Na4 {[%clk 1:20:26]} Nxd4
{[%clk 1:02:38]} 14. exd4 {[%clk 1:20:45]} Rxc1 {[%clk 1:03:00]} 15. Qxc1
{[%clk 1:21:13]} Bxa4 {[%clk 1:03:25]} 16. Qh6 {[%clk 1:21:39]} f6
{[%clk 0:56:04]} 17. g4 {[%clk 1:21:47]} Rf7 {[%clk 0:36:41]} 18. gxf5
{[%clk 1:19:30]} Bf8 {[%clk 0:36:58]} 19. Qh3 {[%clk 1:12:00]} exf5
{[%clk 0:35:10]} 20. Bxf5 {[%clk 1:11:34]} Bd7 {[%clk 0:34:41]} 21. Kh1
{[%clk 1:07:58]} Bxf5 {[%clk 0:32:04]} 22. Qxf5 {[%clk 1:08:27]} Qd7
{[%clk 0:32:27]} 23. Rg1+ {[%clk 1:07:12]} Kh8 {[%clk 0:32:52]} 24. Nh4
{[%clk 1:05:10]} Qxf5 {[%clk 0:31:18]} 25. Nxf5 {[%clk 1:05:38]} Rc7
{[%clk 0:29:57]} 26. Ne3 {[%clk 1:04:31]} Rd7 {[%clk 0:29:35]} 27. Rg3
{[%clk 1:03:50]} Bh6 {[%clk 0:28:31]} 28. Nf5 {[%clk 1:03:26]} Bf4
{[%clk 0:28:23]} 29. Rf3 {[%clk 0:58:19]} Bc7 {[%clk 0:28:14]} 30. Ne3
{[%clk 0:57:11]} Kg7 {[%clk 0:28:08]} 31. Kg2 {[%clk 0:56:59]} Kg6
{[%clk 0:26:48]} 32. a4 {[%clk 0:54:57]} a5 {[%clk 0:17:48]} 33. b3
{[%clk 0:51:06]} Bb6 {[%clk 0:16:04]} 34. Rf4 {[%clk 0:48:44]} h5
{[%clk 0:16:01]} 35. h3 {[%clk 0:41:02]} Kf7 {[%clk 0:10:42]} 36. Kf1
{[%clk 0:39:45]} Ke6 {[%clk 0:11:08]} 37. Ke2 {[%clk 0:37:55]} Rg7
{[%clk 0:11:17]} 38. Kd3 {[%clk 0:35:48]} Bc7 {[%clk 0:11:31]} 39. Rf3
{[%clk 0:34:59]} Rg1 {[%clk 0:10:42]} 40. Nf5 {[%clk 0:35:16]} Rg5
{[%clk 0:07:43]} 41. Ne3 {[%clk 0:28:28]} Rg1 {[%clk 0:06:28]} 42. Ke2
{[%clk 0:27:53]} Bb6 {[%clk 0:04:52]} 43. Kd3 {[%clk 0:28:18]} Bc7 1/2-1/2

[Event "Match of the Millennials U17"]
[Site "Saint Louis"]
[Date "2017.07.29"]
[Round "7.4"]
[White "Esipenko, Andrey"]
[Black "Checa, Nicolas"]
[Result "1-0"]
[BlackElo "2415"]
[WhiteElo "2523"]
[LiveChessVersion "1.4.8"]

1. d4 {[%clk 1:30:56]} d5 {[%clk 1:30:48]} 2. c4 {[%clk 1:31:17]} c6
{[%clk 1:31:12]} 3. Nf3 {[%clk 1:31:41]} Nf6 {[%clk 1:31:36]} 4. Nc3
{[%clk 1:32:06]} a6 {[%clk 1:32:03]} 5. a4 {[%clk 1:32:30]} e6 {[%clk 1:31:43]}
6. Bg5 {[%clk 1:32:48]} Nbd7 {[%clk 1:30:16]} 7. e3 a5 {[%clk 1:26:00]} 8. Bd3
{[%clk 1:31:28]} Be7 {[%clk 1:25:04]} 9. O-O {[%clk 1:18:56]} O-O 10. Qc2
{[%clk 1:17:20]} h6 {[%clk 1:22:37]} 11. Bh4 {[%clk 1:11:58]} b6 12. cxd5 exd5
{[%clk 1:07:45]} 13. Rfe1 {[%clk 1:03:24]} Bb7 {[%clk 1:06:07]} 14. Rac1
{[%clk 1:01:14]} Re8 {[%clk 0:52:04]} 15. Bf5 {[%clk 0:56:23]} Nf8 16. Qb3
{[%clk 0:53:21]} Bc8 {[%clk 0:48:52]} 17. Bd3 Bb7 18. Bg3 {[%clk 0:46:46]} Bb4
{[%clk 0:46:34]} 19. Red1 {[%clk 0:45:54]} c5 {[%clk 0:42:22]} 20. dxc5
{[%clk 0:44:13]} bxc5 {[%clk 0:42:25]} 21. Qc2 {[%clk 0:39:34]} Qb6
{[%clk 0:39:28]} 22. Nb5 {[%clk 0:37:16]} c4 {[%clk 0:35:57]} 23. Bf5
{[%clk 0:37:06]} Re7 {[%clk 0:36:19]} 24. b3 {[%clk 0:34:52]} cxb3
{[%clk 0:33:39]} 25. Qxb3 {[%clk 0:34:58]} N8d7 {[%clk 0:33:22]} 26. Qa2
{[%clk 0:25:44]} Nc5 {[%clk 0:32:32]} 27. Bd6 {[%clk 0:25:43]} Ree8
{[%clk 0:32:52]} 28. Bc7 {[%clk 0:25:55]} Qa6 {[%clk 0:32:23]} 29. Be5
{[%clk 0:24:47]} Qb6 {[%clk 0:25:44]} 30. Bd4 {[%clk 0:17:58]} Ba6
{[%clk 0:22:36]} 31. Qc2 {[%clk 0:13:33]} Bxb5 {[%clk 0:22:28]} 32. axb5
{[%clk 0:13:56]} Nfe4 {[%clk 0:22:52]} 33. Bd7 {[%clk 0:13:22]} Red8
{[%clk 0:20:48]} 34. Bc6 {[%clk 0:13:37]} Rac8 {[%clk 0:21:10]} 35. Ne1
{[%clk 0:12:24]} Qb8 {[%clk 0:18:54]} 36. Nd3 {[%clk 0:10:55]} Nxd3
{[%clk 0:17:05]} 37. Qxd3 {[%clk 0:11:17]} Bd6 {[%clk 0:13:10]} 38. f4
{[%clk 0:10:12]} Bc7 {[%clk 0:13:30]} 39. g3 {[%clk 0:06:52]} Bb6
{[%clk 0:13:23]} 40. Bxb6 {[%clk 0:06:54]} Qxb6 {[%clk 0:13:45]} 41. Qd4
{[%clk 0:07:18]} Rb8 {[%clk 0:11:06]} 42. Qxb6 {[%clk 0:06:41]} Rxb6
{[%clk 0:11:34]} 43. Rd4 {[%clk 0:04:47]} Kf8 {[%clk 0:10:59]} 44. Kf1
{[%clk 0:04:43]} Ke7 {[%clk 0:07:45]} 45. Ke2 {[%clk 0:04:46]} Nd6
{[%clk 0:06:41]} 46. Rxd5 {[%clk 0:03:42]} Rdb8 {[%clk 0:06:57]} 47. Rcc5
{[%clk 0:03:13]} a4 {[%clk 0:05:55]} 48. Kd3 {[%clk 0:03:09]} a3 {[%clk 0:05:23]}
49. Kc2 {[%clk 0:03:10]} a2 {[%clk 0:04:05]} 50. Kb2 {[%clk 0:03:15]} Ra6
{[%clk 0:04:32]} 51. Ka1 {[%clk 0:03:08]} Ra5 {[%clk 0:04:00]} 52. e4
{[%clk 0:02:36]} f6 {[%clk 0:04:24]} 53. e5 {[%clk 0:02:35]} fxe5
{[%clk 0:04:25]} 54. Rxe5+ {[%clk 0:02:35]} Kf6 {[%clk 0:03:46]} 55. g4
{[%clk 0:01:49]} g6 {[%clk 0:01:55]} 56. g5+ {[%clk 0:01:16]} hxg5
{[%clk 0:02:17]} 57. fxg5+ {[%clk 0:01:42]} Kf7 {[%clk 0:02:12]} 58. Rcd5
{[%clk 0:01:49]} Nf5 {[%clk 0:01:29]} 59. Rd7+ {[%clk 0:02:13]} Kf8
{[%clk 0:01:51]} 60. Re6 {[%clk 0:01:41]} Nh4 {[%clk 0:00:33]} 61. Ree7
{[%clk 0:01:43]} Raxb5 {[%clk 0:00:39]} 62. Rf7+ {[%clk 0:01:53]} Kg8
{[%clk 0:01:06]} 63. Rg7+ {[%clk 0:02:18]} Kh8 {[%clk 0:01:26]} 64. Rh7+
{[%clk 0:02:41]} Kg8 {[%clk 0:01:53]} 65. Bxb5 {[%clk 0:03:06]} 1-0

[Event "Match of the Millennials U17"]
[Site "Saint Louis"]
[Date "2017.07.29"]
[Round "8.1"]
[White "Sarana, Aleksey"]
[Black "Xiong, Jeffery"]
[Result "1/2-1/2"]
[BlackElo "2642"]
[WhiteElo "2510"]
[LiveChessVersion "1.4.8"]

1. d4 {[%clk 1:31:24]} Nf6 {[%clk 1:30:52]} 2. c4 {[%clk 1:31:44]} g6
{[%clk 1:31:14]} 3. Nc3 d5 {[%clk 1:31:39]} 4. Bf4 {[%clk 1:32:09]} Bg7
{[%clk 1:32:01]} 5. e3 {[%clk 1:32:35]} O-O {[%clk 1:32:15]} 6. cxd5
{[%clk 1:32:47]} Nxd5 {[%clk 1:32:34]} 7. Nxd5 {[%clk 1:33:14]} Qxd5
{[%clk 1:32:57]} 8. Bxc7 {[%clk 1:33:40]} Na6 {[%clk 1:33:14]} 9. Bxa6
{[%clk 1:34:04]} Qxg2 {[%clk 1:33:35]} 10. Qf3 {[%clk 1:34:29]} Qxf3
{[%clk 1:33:58]} 11. Nxf3 {[%clk 1:34:55]} bxa6 {[%clk 1:34:20]} 12. Rg1
{[%clk 1:35:09]} f6 {[%clk 1:29:40]} 13. Rc1 {[%clk 1:35:17]} Rf7
{[%clk 1:25:46]} 14. Ke2 {[%clk 1:35:38]} Bd7 {[%clk 1:16:47]} 15. d5
{[%clk 1:35:57]} e5 {[%clk 1:10:13]} 16. d6 {[%clk 1:36:21]} Re8 {[%clk 0:57:44]}
17. Rc5 {[%clk 1:11:24]} Bb5+ {[%clk 0:54:26]} 18. Kd2 {[%clk 1:05:41]} Bf8
{[%clk 0:51:50]} 19. Rgc1 {[%clk 0:55:26]} Re6 {[%clk 0:42:02]} 20. Rd5
{[%clk 0:46:44]} Rd7 {[%clk 0:40:53]} 21. Ke1 {[%clk 0:47:02]} Bxd6
{[%clk 0:40:48]} 22. Bxd6 {[%clk 0:47:23]} Rexd6 {[%clk 0:41:01]} 23. Rxd6
{[%clk 0:47:45]} Rxd6 {[%clk 0:41:28]} 24. Rc8+ {[%clk 0:48:02]} Kf7
{[%clk 0:41:16]} 25. Rc7+ {[%clk 0:45:17]} Rd7 {[%clk 0:41:43]} 26. Rc8
{[%clk 0:45:29]} Rb7 {[%clk 0:38:08]} 27. b3 {[%clk 0:43:24]} a5 {[%clk 0:38:35]}
28. Nd2 {[%clk 0:42:43]} a4 {[%clk 0:39:02]} 29. Ne4 {[%clk 0:42:10]} axb3
{[%clk 0:38:50]} 30. axb3 {[%clk 0:42:06]} Bd7 {[%clk 0:36:52]} 31. Rh8
{[%clk 0:31:23]} Kg7 {[%clk 0:37:14]} 32. Ra8 {[%clk 0:31:29]} Rc7
{[%clk 0:30:10]} 33. Nd6 {[%clk 0:30:54]} Kh6 {[%clk 0:30:12]} 34. Rf8
{[%clk 0:28:26]} Be6 {[%clk 0:29:56]} 35. b4 {[%clk 0:27:40]} Rd7
{[%clk 0:27:25]} 36. Ne4 {[%clk 0:24:58]} Bg4 {[%clk 0:27:51]} 37. f3
{[%clk 0:25:09]} Bxf3 {[%clk 0:27:51]} 38. Nxf6 {[%clk 0:25:36]} Rb7
{[%clk 0:22:40]} 39. Kf2 {[%clk 0:23:50]} Kg7 {[%clk 0:20:00]} 40. Rc8
{[%clk 0:20:38]} Kxf6 {[%clk 0:09:55]} 41. Kxf3 {[%clk 0:21:06]} Rxb4
{[%clk 0:10:11]} 42. Rc7 {[%clk 0:21:35]} Rh4 {[%clk 0:06:47]} 43. Kg3
{[%clk 0:22:04]} g5 {[%clk 0:07:12]} 44. Rxa7 {[%clk 0:22:21]} Kf5
{[%clk 0:07:40]} 45. h3 {[%clk 0:20:46]} Ke4 {[%clk 0:06:59]} 46. Rg7
{[%clk 0:20:23]} Rh6 {[%clk 0:05:57]} 47. Rxg5 {[%clk 0:17:48]} Rf6
{[%clk 0:06:09]} 48. Rh5 {[%clk 0:16:15]} h6 {[%clk 0:05:20]} 49. Kg2
{[%clk 0:16:19]} Rf8 {[%clk 0:05:18]} 50. Rxh6 {[%clk 0:16:30]} Kxe3
{[%clk 0:05:45]} 51. Ra6 {[%clk 0:16:50]} Rg8+ {[%clk 0:04:40]} 1/2-1/2